00962nam a2200217 a 450000100100000000500170001000800410002702000140006804000250008210000340010724501330014126001050027430000310037949000390041050000220044950400320047150400730050383000460057695201050062299900170072700004192420201002035832.0131023s1995 sp 000 0 spa d a840075153 aDO-SdBNPbspacBNPHU1 aSalicrú Lluch, Roser96793213aEl tráfic de mercaderies a Barcelona segons els comptes de la lleuda de mediona :bfebrer de 1434) /cRoser Salicrú i Lluch. aBarcelona :bConsell Superior d'Investigacions Cientifiques, Institució Milà i Fontanals,c1995. av. (XIV, 431 p.) ;c24 cm.1 aAnuario de estudios medievalesv30 aIncluye índices aBibliografía : p. 419-431 aIncluye referencias bibliográficas y notas al pie de las páginas 0aAnuario de estudios medievalesc30968444 001050718MOaGRbGRcCTd2013-10-23iLF1l0o p41924-10r2020-06-25w2020-06-25y1ZNo se presta c41413d41413